Men who talked with God. (Record no. 8808)

000 -LEADER
fixed length control field 00547nam a2200193 a 4500
001 - CONTROL NUMBER
control field :::00006587$&:&@@
003 - CONTROL NUMBER IDENTIFIER
control field OkBaRHE
005 - DATE AND TIME OF LATEST TRANSACTION
control field 20000607103332.0
008 - FIXED-LENGTH DATA ELEMENTS--GENERAL INFORMATION
fixed length control field s1964 j 000 0 eng u
040 ## - CATALOGING SOURCE
Transcribing agency
100 1# - MAIN ENTRY--PERSONAL NAME
Personal name Eaton, Kenneth Oxner.
245 10 - TITLE STATEMENT
Title Men who talked with God.
260 ## - PUBLICATION, DISTRIBUTION, ETC. (IMPRINT)
Place of publication, distribution, etc New York, NY., :
Name of publisher, distributor, etc Abingdon Press
Date of publication, distribution, etc c1964
300 ## - PHYSICAL DESCRIPTION
Extent 95 p. ;
Dimensions 20 cm.
650 ## - SUBJECT ADDED ENTRY--TOPICAL TERM
Topical term or geographic name as entry element Prayer
650 ## - SUBJECT ADDED ENTRY--TOPICAL TERM
Topical term or geographic name as entry element Prophets
942 ## - ADDED ENTRY ELEMENTS (KOHA)
Source of classification or shelving scheme
Koha item type Books
Copies
Barcode Shelving location Withdrawn status Full call number Source of classification or shelving scheme Not for loan Date last seen Koha item type Copy number Date acquired Damaged status Price effective from Permanent Location Lost status
6587General Stacks BV 210.2 .E3  2010-04-14Books12010-04-14 2010-04-14RHEMA Bible Training College